Projeto da praça : convívio e exclusão no espaço público /

Análisis de la política urbana expresada en el desarrollo de seis plazas en São Paulo, en el último medio siglo y lo que ello significa en términos de uso del espacio público. La obra comienza por estudiar plazas históricas destacadas -como la Piazza del Campo en Siena y la Plaza Mayor en Madrid- y...

وصف كامل

محفوظ في:
التفاصيل البيبلوغرافية
المؤلف الرئيسي: Alex, Sun (autor)
التنسيق: كتاب
اللغة:البرتغالية
منشور في: São Paulo, Brasil : Senac, 2008, c2008
الموضوعات:
الوسوم: إضافة وسم
لا توجد وسوم, كن أول من يضع وسما على هذه التسجيلة!

MARC

LEADER 00000nam^a2200000^a^4500
001 000309350
005 20250521000000.0
008 110406 20082008
009 20260310112944.815
020 |a 978-85-7359-674-8 
037 |a Acervo ITESO - Biblioteca 
041 |a POR 
082 |a 711. 4098161  |b ALE 
100 |a Alex, Sun  |e (autor) 
245 1 0 |a Projeto da praça :  |b convívio e exclusão no espaço público /  |c S. Alex ; pref. de Heliana Comin Vargas. 
264 4 |a São Paulo, Brasil :  |b Senac,  |c 2008, c2008 
300 |a 291 p. 
336 |a texto  |b txt  |2 rdacontenido 
337 |a sin mediación  |b n  |2 rdamedio 
338 |a volumen  |b nc  |2 rdasoporte 
520 |a Análisis de la política urbana expresada en el desarrollo de seis plazas en São Paulo, en el último medio siglo y lo que ello significa en términos de uso del espacio público. La obra comienza por estudiar plazas históricas destacadas -como la Piazza del Campo en Siena y la Plaza Mayor en Madrid- y abordar la plaza y el parque como manifestaciones de la arquitectura paisajística. 
649 |a XX 
650 |a Plazas -  |x Tema Principal 
650 |a Plazas -  |z São Paulo, Brasil -  |x Tema Principal 
650 |a Plazas -  |z Brasil 
650 |a Parques Públicos y Alamedas -  |z São Paulo, Brasil -  |x Tema Principal 
650 |a Parques Públicos y Alamedas -  |z Brasil 
650 |a Vida Pública -  |z São Paulo, Brasil 
650 |a Vida Pública -  |z Brasil 
650 |a Espacio Urbano -  |z São Paulo, Brasil 
650 |a Espacio Urbano -  |z Brasil 
650 |a Diseño Urbano -  |z São Paulo, Brasil 
650 |a Diseño Urbano -  |z Brasil 
650 |a Desarrollo Urbano -  |z São Paulo, Brasil 
650 |a Desarrollo Urbano -  |z Brasil 
650 |a Política Urbana -  |z São Paulo, Brasil 
650 |a Política Urbana -  |z Brasil 
650 |a Arquitectura del Paisaje -  |z São Paulo, Brasil -  |x Tema Principal 
650 |a Arquitectura del Paisaje -  |z Brasil 
650 |a Urbanismo 
650 |a São, Paulo, Brasil -  |x Historia -  |y Siglo XX 
650 |a São Paulo, Brasil -  |x Descripción 
650 |a Brasil -  |x Historia -  |y Siglo XX 
650 |a Brasil -  |x Descripción 
910 |a Fondo General 
920 |a Impresos - Libros 
930 |a Reserva Especial 
905 |a 103 
901 |a 0500195611  |b IT1  |c REE  |i D54689  |u 20250521 
902 |a https://opac.biblio.iteso.mx/vufind/Record/000309350